Statistiques concernant Communes Limbourgeoises sur une Carte

Cliquez ici pour prendre le quiz!

Statistiques générales

  • Ce quiz a été pris 26 fois
  • Le résultat moyen est 20 sur 42

Réponses sur la Carte

Les réponses sont colorées sur une échelle allant du rouge au vert en fonction du pourcentage des utilisateurs qui les ont devinées à leur premier essai. Vous pouvez retrouver ces pourcentages ci-dessous.
 

Statistiques - réponses

Communes% Correct
Hasselt
93%
Genk
73%
Maaseik
67%
Brée
60%
Fourons
60%
Heusden-Zolder
60%
Lommel
60%
Saint-Trond
60%
Tongres
60%
Bilzen
53%
Bourg-Léopold
53%
Dilsen-Stockem
53%
Ham
53%
Hamont-Achel
53%
Maasmechelen
53%
Peer
53%
Alken
47%
Béringue
47%
Bocholt
47%
Haelen
47%
Herstappe
47%
Houthalen-Helchteren
47%
Lanaken
47%
Lummen
47%
Tessenderlo
47%
Asch-en-Campine
40%
Diepenbeek
40%
Hechtel-Eksel
40%
Herck-la-Ville
40%
Kinrooi
40%
Kortessem
40%
Looz
40%
Pelt
40%
Zonhoven
40%
Gingelom
33%
Heers
33%
Hoeselt
33%
Nieuwerkerken
33%
Oudsbergen
33%
Riemst
33%
Wellen
33%
Zutendaal
33%

Distribution des résultats

Percentile par nombre de réponses

% des personnes avec chaque résultat

Votre développement - résultats

Vous n’avez pas pris ce quiz